[Event "WchT Seniors 65"]
[Site "Prague"]
[Date "2020.03.11"]
[Round "6.4"]
[White "Saenz Forero, Fernando"]
[Black "Rintakoski, Pentti"]
[Result "0-1"]
[WhiteElo "1524"]
[BlackElo "1735"]
[PlyCount "58"]
[EventDate "2020.03.06"]
[EventType "team-swiss"]
[EventRounds "7"]
[EventCountry "CZE"]
[SourceTitle "CBM 195 Extra"]
[Source "ChessBase"]
[SourceDate "2020.05.31"]
[SourceVersion "1"]
[SourceVersionDate "2020.05.31"]
[SourceQuality "1"]
[WhiteTeam "Costa Rica 65"]
[BlackTeam "Finland 65"]
[WhiteTeamCountry "CRI"]
[BlackTeamCountry "FIN"]

1. Nf3 Nf6 2. c3 e6 3. d3 d5 4. Qc2 Nbd7 5. e4 dxe4 6. dxe4 Be7 7. Be2 b6 8. Bg5 Bb7 9. Nbd2 h6 10. Bxf6 Nxf6 11. Rd1 0-0 12. 0-0 Qc8 13. Ne1 c5 14. b3 Qc7 15. f4 Rad8 16. Bf3 Qxf4 17. Rf2 Ng4 18. Bxg4 Qxg4 19. Nef3 Bxe4 20. Nxe4 Rxd1+ 21. Qxd1 Qxe4 22. Rd2 Qe3+ 23. Kh1 Qxc3 24. Rd7 Bf6 25. Rxa7 Rd8 26. Qf1 Qc2 27. Ng1 Rd1 28. Qf3 Qb1 29. Qf2 Kh7 0-1

[Event "WchT Seniors 65"]
[Site "Prague"]
[Date "2020.03.09"]
[Round "4.11"]
[White "Saenz Forero, Fernando"]
[Black "Semakoff, Aleks"]
[Result "1/2-1/2"]
[WhiteElo "1524"]
[BlackElo "2012"]
[PlyCount "90"]
[EventDate "2020.03.06"]
[EventType "team-swiss"]
[EventRounds "7"]
[EventCountry "CZE"]
[SourceTitle "CBM 195 Extra"]
[Source "ChessBase"]
[SourceDate "2020.05.31"]
[SourceVersion "1"]
[SourceVersionDate "2020.05.31"]
[SourceQuality "1"]
[WhiteTeam "Costa Rica 65"]
[BlackTeam "Norway 65"]
[WhiteTeamCountry "CRI"]
[BlackTeamCountry "NOR"]

1. Nf3 d5 2. c3 Nf6 3. d3 Nc6 4. Qc2 e5 5. e4 Be7 6. Be2 0-0 7. Nbd2 a5 8. 0-0 h6 9. Re1 Re8 10. Nf1 Be6 11. Ng3 Qd7 12. Bf1 Rad8 13. Bd2 Bg4 14. Rad1 Bc5 15. Bc1 Qc8 16. Be2 d4 17. c4 Nb4 18. Qb1 a4 19. Bd2 Na6 20. Nh4 Bb4 21. Nhf5 Bxd2 22. Rxd2 Bxf5 23. Nxf5 Nc5 24. Rf1 Ne6 25. g3 Kh7 26. Qd1 g6 27. Nh4 a3 28. b3 Qd7 29. Ng2 Qe7 30. f4 exf4 31. Nxf4 Nxf4 32. Rxf4 Nd7 33. Qf1 Ne5 34. Bd1 Rf8 35. Rdf2 Kg7 36. Be2 Qg5 37. Kg2 h5 38. h3 Qe7 39. Rf6 Rd6 40. R6f4 Rdd8 41. Qc1 Qb4 42. Rf6 Nd7 43. R6f4 Qe7 44. Qd2 b6 45. R4f3 Ne5 1/2-1/2